Flat bugs of the world a synonymic list (Heteroptera (Registro nro. 1602)

Detalles MARC
000 -CABECERA
Campo de control 00774nam a2200265 a 4500
005 - FECHA Y HORA DE LA ULTIMA TRANSACCION
Campo de control 20140303093152.0
008 - ELEMENTOS DE LONGITUD FIJA—INFORMACION GENERAL
Campo de control 140303b1987 cau||||| |||| 00| 0 eng d
041 ## - IDIOMA
Código de idioma para texto/pista de sonido o título separado Inglés
044 ## - PAÍS DE PUBLICACIÓN
País de publicación Estados Unidos
090 ## - CLASIFICACIÓN LOCAL
Colección LB
Consecutivo 01595
100 ## - ASIENTO PRINCIPAL--NOMBRE PERSONAL
Nombre personal Kormilev, N. A.
245 ## - MENCION DE TITULO
Título Flat bugs of the world a synonymic list (Heteroptera
Parte restante del título Aradidae)
260 ## - PUBLICACION, DISTRIBUCION, ETC. (PIE DE IMPRENTA)
Lugar de publicación, distribución, etc. California
Nombre del editor, distribuidor, etc. Entomography publications
Fecha de publicación, distribución, etc. 1987
300 ## - DESCRIPCION FISICA
Extensión 246 p.
650 ## - ASIENTO SECUNDARIO DE MATERIA - TERMINO TEMATICO
Término temático o nombre geográfico como elemento de entrada Taxonomía
650 ## - ASIENTO SECUNDARIO DE MATERIA - TERMINO TEMATICO
Término temático o nombre geográfico como elemento de entrada Zoogeografía
650 ## - ASIENTO SECUNDARIO DE MATERIA - TERMINO TEMATICO
Término temático o nombre geográfico como elemento de entrada Distribución geográfica
650 ## - ASIENTO SECUNDARIO DE MATERIA - TERMINO TEMATICO
Término temático o nombre geográfico como elemento de entrada Sinonimias
650 ## - ASIENTO SECUNDARIO DE MATERIA - TERMINO TEMATICO
Término temático o nombre geográfico como elemento de entrada Chinches
650 ## - ASIENTO SECUNDARIO DE MATERIA - TERMINO TEMATICO
Término temático o nombre geográfico como elemento de entrada Heteroptera
700 ## - ASIENTO SECUNDARIO - NOMBRE PERSONAL
Nombre personal Papp., Charles S.
700 ## - ASIENTO SECUNDARIO - NOMBRE PERSONAL
Nombre personal Froeschner, R. C.
700 ## - ASIENTO SECUNDARIO - NOMBRE PERSONAL
Nombre personal Eichlin, Thomas D.
942 ## - ELEMENTOS ADICIONALES (KOHA)
Tipo de ítem Impreso
Sistema de clasificación Local
Existencias
Withdrawn status Lost status Sistema de Clasificación Damaged status No para préstamo Colección Inventariado Ubicación Permanente Ubicación actual Fecha de adquisición Fuente de Valor Valor Total Checkouts Número topográfico Inventario / Código de Barras Date last seen Ejemplar Price effective from Forma de adquisición Tipo de material
    Local     Entomología Inventariado 2017 Villa de Leyva Villa de Leyva 02/05/2000 Instituto 50000.00   LB-01595 002199 23/10/2017 Ej. 1 04/12/2012   Libro